000 00710nab a22002297a 4500
001 19530
003 HDC
007 cr bn ---aaaaa
008 210128c20090422my ||||o |||| 00| 00eng d
040 _aHDC
245 0 _aMeat Producers Wise to Wait on Halal Market Entry
336 _atext
_2rdacontent
337 _acomputer
_2rdamedia
338 _aonline resource
_2rdacarrier
650 _aHalal industry
_9144
650 _aMeat
_91368
710 _aDagangHalal.com
856 _zRequest full-text at [email protected]
942 _2lcc
942 _cNEWS
942 _kNWSO 007727
999 _c16846
_d16846